000 00503nam a2200181Ia 4500
008 090123s9999 xx 000 0 und d
082 _b3723
100 _aआलनहल्लि श्रीकृष्ण
245 _aतप्त
250 _a1
260 _c1974
300 _a129
600 _aआलनहल्लि श्रीकृष्ण
630 _aतप्त
700 _aआलनहल्लि श्रीकृष्ण
730 _aतप्त
942 _cBOOK
999 _c41802
_d41802